Ādhunika Bhāratīẏa kābya parikramā / (Record no. 82504)

MARC details
000 -LEADER
fixed length control field 00711cam a22002531a 4500
001 - CONTROL NUMBER
control field sa 68008695
003 - CONTROL NUMBER IDENTIFIER
control field DLC
005 - DATE AND TIME OF LATEST TRANSACTION
control field 20260227112534.0
008 - FIXED-LENGTH DATA ELEMENTS--GENERAL INFORMATION
fixed length control field 880411s1968 ii 000 0 ben
010 ## - LIBRARY OF CONGRESS CONTROL NUMBER
LC control number sa 68008695
025 ## - OVERSEAS ACQUISITION NUMBER
Overseas acquisition number I B 3552
025 ## - OVERSEAS ACQUISITION NUMBER
Overseas acquisition number PL480:I-B-3552
035 ## - SYSTEM CONTROL NUMBER
System control number (OCoLC)18087291
040 ## - CATALOGING SOURCE
Original cataloging agency DLC
Transcribing agency NN
Modifying agency IC
-- DLC
042 ## - AUTHENTICATION CODE
Authentication code premarc
043 ## - GEOGRAPHIC AREA CODE
Geographic area code a-ii---
050 00 - LIBRARY OF CONGRESS CALL NUMBER
Classification number PK5419
Item number .G3
100 1# - MAIN ENTRY--PERSONAL NAME
Personal name Ganguly, Anil Baran.
245 10 - TITLE STATEMENT
Title Ādhunika Bhāratīẏa kābya parikramā /
Statement of responsibility, etc. Anilabaraṇa Gangopādhyāẏa.
260 ## - PUBLICATION, DISTRIBUTION, ETC.
Place of publication, distribution, etc. Kalikātā :
Name of publisher, distributor, etc. Mohana Lāibrerī,
Date of publication, distribution, etc. 1375 [1968]
300 ## - PHYSICAL DESCRIPTION
Extent 145 p. ;
Dimensions 22 cm.
546 ## - LANGUAGE NOTE
Language note In Bengali.
650 #0 - SUBJECT ADDED ENTRY--TOPICAL TERM
Topical term or geographic name entry element Indic poetry
General subdivision History and criticism.

No items available.

Powered by Koha